Pokoloruj mapę z flagami poprzez zgadywanie miast #2 - Statystyki

Ogólne statystyki
  • Ten quiz został rozwiązany 622 razy
  • Średni wynik to 8 z 20
Odpowiedzi na mapie
Odpowiedzi zakodowano w zielono-czerwonej skali na mapie do tego quizu, zgodnie z poniższymi procentami.
 
Statystyki odpowiedzi
Liczba
mieszkańców (na całym
danym obszarze
zaludnienia tego miasta)
Miasto % Poprawnych
6,79 mil Madryt
91%
14,2 mil Londyn
87%
5,47 mil Barcelona
86%
1,17 mil Dublin
86%
1,59 mil Oslo
85%
10,0 mil Lima
56%
5,92 mil Toronto
54%
1,04 mil Bilbao
44%
1,52 mil Sewilla
43%
4,33 mil Birmingham
37%
210 tys Cork
35%
2,46 mil Vancouver
30%
420 tys Bergen
27%
79,9 tys Galway
11%
778 tys Winnipeg
11%
319 tys Stavanger
9%
1,38 mil Nottingham
6%
1,03 mil Arequipa
4%
962 tys Trujillo
4%
13,7 tys Thompson
1%
Nie znaleziono quizów pasujących do podanych kryteriów
Rozkład punktacji
Procent ludzi z każdym wynikiem
Percentyl według liczby udzielonych odpowiedzi
Twoja historia wyników
Nie rozwiązałeś tego quizu